| 000 | 00362nam a2200145Ia 4500 | ||
|---|---|---|---|
| 008 | 230917s9999||||xx |||||||||||||| ||und|| | ||
| 040 |
_e240672 _aMAIN |
||
| 041 | _aEnglish | ||
| 082 | _a388.0954558 S16T | ||
| 100 | _aSubodh Rani | ||
| 245 | 0 | _aRoad transport network and regional development in Haryana | |
| 260 | _c2016 | ||
| 300 | _a259 p. | ||
| 942 | _cTH | ||
| 999 |
_c127097 _d127097 |
||